Spell the Marvel Character #223 - Statistics

General Stats
  • This quiz has been taken 10 times
  • The average score is 8 of 9
Answer Stats
Picture Answer % Correct
Luke Cage
100%
She-Hulk
100%
Thor
100%
Genis-Vell
90%
Old Lace
90%
Agent Venom
80%
Galacta
70%
Volstagg
70%
Victor Mancha
50%
No matching quizzes found
Score Distribution
Percent of People with Each Score
Percentile by Number Answered
Your Score History
You have not taken this quiz